مكتبة جامعة عجلون الوطنية

فهرس بحث المكتبة

خلاصة الأثر في سيرة سيد البشر:حياة الرسول محمد صلى الله عليه وسلم مستقاه من سيرة ابن هشام ومن اوثق المصادر واصحها ومكتوبة باسلوب عصري ومبسط (Record no. 20871)

MARC details
000 -LEADER
fixed length control field 00828nam a2200205Ii 4500
003 - CONTROL NUMBER IDENTIFIER
control field JO-AjNU
008 - FIXED-LENGTH DATA ELEMENTS--GENERAL INFORMATION
fixed length control field 230605s9999||||xx |||||||||||||| ||und||
040 ## - CATALOGING SOURCE
Original cataloging agency JO-AjNU
Language of cataloging ara
Description conventions rda
Transcribing agency JO-AjNU
041 ## - LANGUAGE CODE
Language code of text/sound track or separate title ara
050 14 - LIBRARY OF CONGRESS CALL NUMBER
Classification number BP75.2.A75.1980
100 3# - MAIN ENTRY--PERSONAL NAME
Personal name عساف، احمد محمد,
Relator term author
9 (RLIN) 40718
245 00 - TITLE STATEMENT
Title خلاصة الأثر في سيرة سيد البشر:حياة الرسول محمد صلى الله عليه وسلم مستقاه من سيرة ابن هشام ومن اوثق المصادر واصحها ومكتوبة باسلوب عصري ومبسط
250 ## - EDITION STATEMENT
Edition statement ط2
264 31 - PRODUCTION, PUBLICATION, DISTRIBUTION, MANUFACTURE, AND COPYRIGHT NOTICE
Place of production, publication, distribution, manufacture بيروت:دار احياء العلوم،1980
300 ## - PHYSICAL DESCRIPTION
Extent 394ص
336 ## - CONTENT TYPE
Content type term text
Content type code txt
Source rdacontent
337 ## - MEDIA TYPE
Media type term unmediated
Media type code n
Source rdamedia
338 ## - CARRIER TYPE
Carrier type term volume
Carrier type code nc
Source rdacarrier
650 #4 - SUBJECT ADDED ENTRY--TOPICAL TERM
Topical term or geographic name entry element سيرة نبوية
9 (RLIN) 40719
Holdings
Withdrawn status Lost status Source of classification or shelving scheme Damaged status Not for loan Home library Current library Shelving location Date acquired Total Checkouts Full call number Barcode Date last seen Price effective from Koha item type
    Library of Congress Classification     مكتبة جامعة عجلون الوطنية مكتبة جامعة عجلون الوطنية المجموعات العامة 06/06/2023   BP75.2.A75.1980 A17303 06/06/2023 06/06/2023 Books